Scientific feng shui for the built environment : (Record no. 130418)

MARC details
000 -LEADER
fixed length control field 00843cam a2200253 a 4500
008 - FIXED-LENGTH DATA ELEMENTS--GENERAL INFORMATION
fixed length control field
020 ## - INTERNATIONAL STANDARD BOOK NUMBER
International Standard Book Number 9789629372361 (pbk.)
049 ## - LOCAL HOLDINGS (OCLC)
Holding library MAIN
090 ## - LOCALLY ASSIGNED LC-TYPE CALL NUMBER (OCLC); LOCAL CALL NUMBER (RLIN)
Classification number (OCLC) (R) ; Classification number, CALL (RLIN) (NR) NA2542.3
Local cutter number (OCLC) ; Book number/undivided call number, CALL (RLIN) MAK
003 - CONTROL NUMBER IDENTIFIER
control field
005 - DATE AND TIME OF LATEST TRANSACTION
control field 20230123122241.0
040 ## - CATALOGING SOURCE
Transcribing agency NUST
100 1# - MAIN ENTRY--PERSONAL NAME
Personal name Mak, Michael Y.
245 10 - TITLE STATEMENT
Title Scientific feng shui for the built environment :
Remainder of title fundamentals and case studies /
Statement of responsibility, etc. Michael Y. Mak, Albert T. So.
260 ## - PUBLICATION, DISTRIBUTION, ETC.
Place of publication, distribution, etc. Hong Kong :
Name of publisher, distributor, etc. City University of Hong Kong Press,
Date of publication, distribution, etc. 2015.
300 ## - PHYSICAL DESCRIPTION
Extent xxiii, 328 p. :
Other physical details ill. (some col.) ;
Dimensions 28 cm.
500 ## - GENERAL NOTE
General note Includes index.
504 ## - BIBLIOGRAPHY, ETC. NOTE
Bibliography, etc. note Includes bibliographical references.
650 #0 - SUBJECT ADDED ENTRY--TOPICAL TERM
Topical term or geographic name entry element Feng shui.
650 #0 - SUBJECT ADDED ENTRY--TOPICAL TERM
Topical term or geographic name entry element Architecture
General subdivision Environmental aspects.
700 1# - ADDED ENTRY--PERSONAL NAME
Personal name So, Albert Ting-pat.
907 ## - LOCAL DATA ELEMENT G, LDG (RLIN)
a .b1037839x
b 13-03-17
c 21-02-17
942 ## - ADDED ENTRY ELEMENTS (KOHA)
Koha item type Ordinary Loan Books
Call number prefix NA2542.3
Call number suffix MAK
Holdings
Date last seen Total Checkouts Full call number Barcode Cost, replacement price Price effective from Koha item type Lost status Source of classification or shelving scheme Damaged status Not for loan Collection Withdrawn status Home library Current library Shelving location Date acquired Cost, normal purchase price
01/23/2023   NA2542.3 MAK 92004042144 80.00 01/23/2023 BOOKS   LCC     NFIC   MAIN MAIN GEN 01/23/2023 80.00